TV WESTERNS 3 Quiz Stats

 Plays Quiz not verified by Sporcle

Also try: TV WESTERNS 4
Challenge
Share
Tweet
Embed
Score 0/30 Timer 10:00
0 Plays Today
% Correct
Dr. Quinn, Medicine Woman
94.8%
Rawhide
86.6%
Wagon Train
82.5%
The Wild Wild West
77.3%
Bat Masterson
75.3%
Maverick
64.9%
Life & Legend of Wyatt Earp
62.9%
The Guns of Will Sonnett
62.9%
Zorro
61.9%
Cimarron Strip
49.5%
Adventures of Brisco County Jr
43.3%
Judge Roy Bean
37.1%
Pistols 'n' Petticoats
35.1%
Fury
34%
The Westerner
33%
% Correct
Hell on Wheels
32%
The Quest
30.9%
Nine Lives of Elfego Baca
29.9%
Whispering Smith
26.8%
The Iron Horse
24.7%
Stories of the Century
20.6%
Tombstone Territory
20.6%
Empire
19.6%
Hotel de Paree
16.5%
The Outcasts
16.5%
The Loner
15.5%
Shotgun Slade
15.5%
Death Valley Days
11.3%
Union Pacific
11.3%
Klondike
8.2%

You're not logged in!

Compare scores with friends on all Sporcle quizzes.
Join for Free
OR
Log In

You Might Also Like...

Show Comments

Extras

Created Oct 16, 2013SourceReportNominate
Tags:TV Show Quiz, western

Top Quizzes Today


Score Distribution

Your Account Isn't Verified!

In order to create a playlist on Sporcle, you need to verify the email address you used during registration. Go to your Sporcle Settings to finish the process.

Report this User

Report this user for behavior that violates our Community Guidelines.

Details: